Computer Aided Personal Productivity Tools Lab (Record no. 93834)

MARC details
000 -LEADER
fixed length control field 00543nam a2200181Ia 4500
005 - DATE AND TIME OF LATEST TRANSACTION
control field 20230417143927.0
008 - FIXED-LENGTH DATA ELEMENTS--GENERAL INFORMATION
fixed length control field 230125s9999 xx 000 0 und d
020 ## - INTERNATIONAL STANDARD BOOK NUMBER
International Standard Book Number 978-93-5158-009-6
041 ## - LANGUAGE CODE
Language code of text/sound track or separate title eng
082 ## - DEWEY DECIMAL CLASSIFICATION NUMBER
Classification number 003.54
Item number SHA
100 ## - MAIN ENTRY--PERSONAL NAME
Author Sharma S
245 ## - TITLE STATEMENT
Title Computer Aided Personal Productivity Tools Lab
260 ## - PUBLICATION, DISTRIBUTION, ETC.
Date of publication, distribution, etc. 2013
Name of publisher, distributor, etc. Success Publications
Place of publication, distribution, etc. Pune
500 ## - GENERAL NOTE
Keywords Information technology
650 ## - SUBJECT ADDED ENTRY--TOPICAL TERM
Topical term or geographic name entry element Information technology
700 ## - ADDED ENTRY--PERSONAL NAME
Personal name Sharma S; Vishwasrao N D; Mandlik D T & Patil N P
942 ## - ADDED ENTRY ELEMENTS (KOHA)
Koha item type Donated Book
Holdings
Withdrawn status Lost status Damaged status Not for loan Home library Current library Date acquired Vendor Net Price Full call number Barcode Date last seen Actual Price Bill Date Koha item type Original Barcode
Withdrawn 2022-23       Smt. Hiraben Nanavati Institute of Management & Research for Women Smt. Hiraben Nanavati Institute of Management & Research for Women 08/12/2015 HNIMR Staff 225.00 003.54 SHA DB2358 HIMR-DB-2358 25/01/2023 225.00 25/01/2023 Donated Book DB2358